Biblioteka Instytutu Północnego w Olsztynie

Widok standardowy Widok MARC

Pozycja Personal Name

Liczba rekordów, w których użyto hasła: 1

001 - Numer kontrolny

  • control field: 41023

003 - Identyfikator numeru kontrolnego

  • control field: NUKAT

005 - Data i czas ostatniej modyfikacji

  • control field: 20260430125339.0

008 - Dane kontrolne kodowane (40 znaków)

  • fixed length control field: 081027n||a|znnaabn |a aaa |c

010 ## - Numer kontrolny Biblioteki Kongresu

  • numer kontrolny LC: n 2008059366

024 7# - OTHER STANDARD IDENTIFIER

  • Standard number or code: 162725366
  • Source of number or code: viaf

024 7# - OTHER STANDARD IDENTIFIER

  • Standard number or code: 0000000111834885
  • Source of number or code: isni

040 ## - Instytucja sporządzająca rekord

  • inst. przygot. dane do rek. khw: KR 127/UZ
  • język haseł przedmiotowych/tezaurus: kaba
  • inst. wprow. rek. khw: KR 127/UZ

100 1# - Hasło - nazwa osobowa

  • nazwa osobowa w formie ujednoliconej: Waniek, Karol.

670 ## - Źródło informacji

  • źródło informacji: Kp. SURVIVAL : Przegląd Młodej Sztuki w Ekstremalnych Warunkach : 25-27 maja 2007 rok, Plac Teatralny we Wrocławiu : katalog : wideo, instalacja, performance, interwencja / [red. Michał Bieniek]. - Wrocław, 2007.
  • gdzie znaleziono informację: Tł. na jęz. ang.
Biblioteka Instytutu Północnego, ul. Partyzantów 87, 10-402 Olsztyn, email: biblioteka(at)ip.olsztyn.pl